Auktion Berlín, 6.-9. November 2000 21 Wertvolle Bücher & Dekorative Graphik

Bibliographic Details
Corporate Author: Jeschke, Greve & Hauff Berlín, Nemecko (Author)
Format: Book
Language:German
PhysicalDescription:792, xx s. fotogr. 24 cm
Published: Berlin Jeschke, Greve & Hauff [2000]
Subjects:

MARC

LEADER 00000nam a2200000 a 4500
001 vtls001420358
003 SK-MaSNL
005 20260301162345.0
008 251124s2000 DE abc r yy 0 ger
020 |c [438,00] 
035 |a SNK000375193 
040 |a SNK  |b slo  |c SNK  |e AACR2 
044 |a DE 
080 |a 017.3/.4(100):016  |2 1981 
080 |a 016  |2 1981 
110 0 |a Jeschke, Greve & Hauff Berlín, Nemecko  |4 aut  |9 35986 
245 1 |a Auktion  |b Berlín, 6.-9. November 2000  |n 21  |p Wertvolle Bücher & Dekorative Graphik 
260 |a Berlin  |b Jeschke, Greve & Hauff  |c [2000] 
300 |a 792, xx s.  |b fotogr.  |c 24 cm 
500 |a Text aj angl. 
500 |a Obalový názov 
650 0 7 |a aukčné katalógy  |2 SNK  |9 83423 
650 0 7 |a katalógy umelecké  |x bibliografie  |2 SNK  |9 298920 
999 |c 812972  |d 814902 
952 |a SNK  |b SNK  |y VYP  |7 0  |p 17A0318630  |o snkOIC 6767  |i snkV 1392/2001  |8 2  |0 0  |1 0  |4 0  |d 2001-10-23  |l 0  |r 2005-01-02 00:00:00  |w 2026-02-24